000 00779cam a2200265 a 4500
001 10525
003 BD-RjUL
005 20211208234953.0
008 140125s1984 nyua b 001 0 eng
020 _a0387909419
035 _a(BD-RjUL)10573
040 _aDLC
_cDLC
_dDLC
_dBD-RjUL
_beng
041 _aeng
082 0 0 _a551.3
_219
_bMIP 1984
100 1 _aMiall, Andrew D.
_932536
245 1 0 _aPrinciples of sedimentary basin analysis /
_cAndrew D. Miall.
260 _aNew York :
_bSpringer-Verlag,
_cc1984.
300 _axii, 490 p. :
_bill. ;
_c26 cm.
504 _aIncludes bibliographies and indexes.
650 0 _aSedimentary basins.
_932537
650 0 _aStratigraphic correlation.
_932538
942 _2ddc
_cBK
999 _c10525
_d10525